クーピーペンシル12色 (缶入り)に入っている色 - Statistics

General Stats
  • This quiz has been taken 113 times
  • The average score is 11 of 12
Answer Stats
Answer % Correct
あか
99%
くろ
98%
みどり
97%
あお
97%
きいろ
96%
しろ
94%
きみどり
93%
むらさき
90%
みずいろ
90%
ちゃいろ
89%
だいだいいろ
81%
ももいろ
76%
No matching quizzes found
Score Distribution
Percent of People with Each Score
Percentile by Number Answered
Your Score History
You have not taken this quiz